01116nam a2200301 i 4500001001000000003000900010005001700019007000300036008004100039040003000080041000800110082002200118100003200140245004200172264007600214300002700290336002700317337003300344338002800377586004100405590002600446650003100472650003100503910000700534942001400541952024200555999001700797000007260DO-SdBNP20241218091315.0ta181224s2007 dr 000 0 spa d aDO-SdBNPbspacBNPHUerda hspa a863.44bV422f2221 aVega, Máximoeautor9662210aEl final del sueño /cMáximo Vega aSanto Dongo :bUniversidad Central del Este,bEditora De Colores,c2007 a80 páginas ;c21 cm. ardacontentbtexto2txt ardamediabsin mediación2n ardacarrierbvolumen2nc aPremio Nacional de Cuentos-UCE, 2005 aInventariado, 2024/DG 4aCuentos dominicanos934660 4aLiteratura domicana986872 aDG 2ddccLBS1 00102ddc51708PDaBNPHUbBNPHUcCTd2024-12-18eDonado por la Presidencia de la República Dominicana 2023l0oBNPHU PD RD863.44 V422fp2024-7044r2024-12-18w2024-12-18yLBS1zPertenecio a la biblioteca de René Rodríguez Soriano c57968d57968